[Event "Arco op 46th"]
[Site "Arco"]
[Date "2024.10.13"]
[Round "9"]
[White "Azinovic, Igor"]
[Black "Schindele, Andreas"]
[Result "1-0"]
[WhiteElo "1799"]
[BlackElo "1919"]
[PlyCount "101"]
[EventDate "2024.10.05"]
[EventType "swiss"]
[EventRounds "9"]
[EventCountry "ITA"]
[SourceTitle "CB44_2024"]
[Source "Chessbase"]
[SourceDate "2024.10.30"]
[SourceVersion "1"]
[SourceVersionDate "2024.10.30"]
[SourceQuality "1"]

1. e4 c6 2. d4 d5 3. e5 c5 4. c3 Nc6 5. Be2 cxd4 6. cxd4 Qb6 7. Nc3 e6 8. Nf3 Bd7 9. 0-0 Nh6 10. Bxh6 gxh6 11. Na4 Qa5 12. Nc3 a6 13. a3 b5 14. b4 Qb6 15. Qd2 Rc8 16. Na2 Bg7 17. Nc1 0-0 18. Nb3 Ne7 19. Nc5 Be8 20. h3 f6 21. exf6 Rxf6 22. Ne5 Rc7 23. Ng4 Rg6 24. Bd3 Nf5 25. Bxf5 exf5 26. Ne5 Bxe5 27. dxe5 Rcg7 28. Qxd5+ Kh8 29. g3 Bc6 30. Qd4 Rd7 31. Qe3 Rdg7 32. Rad1 Qb8 33. Qd4 Qg8 34. e6 h5 35. h4 Rg4 36. f4 Rxg3+ 37. Kf2 Rg2+ 38. Ke3 R2g3+ 39. Kd2 h6 40. Qe5 Qf8 41. Rg1 R3g4 42. Rxg4 hxg4 43. Nd7 Qc8 44. Ke3 Qd8 45. Rd6 Qxh4 46. Rxc6 Qe1+ 47. Kd4 Qd2+ 48. Kc5 Qf2+ 49. Kd6 Qd2+ 50. Kc7 Qf2 51. e7 1-0

[Event "Arco op 46th"]
[Site "Arco"]
[Date "2024.10.10"]
[Round "6"]
[White "Schindele, Andreas"]
[Black "Bangerter, Ena"]
[Result "1-0"]
[WhiteElo "1919"]
[BlackElo "1809"]
[PlyCount "87"]
[EventDate "2024.10.05"]
[EventType "swiss"]
[EventRounds "9"]
[EventCountry "ITA"]
[SourceTitle "CB44_2024"]
[Source "Chessbase"]
[SourceDate "2024.10.30"]
[SourceVersion "1"]
[SourceVersionDate "2024.10.30"]
[SourceQuality "1"]

1. b3 d5 2. Bb2 e6 3. Nf3 Nf6 4. e3 Nbd7 5. Be2 c5 6. 0-0 Be7 7. d4 0-0 8. c4 b6 9. cxd5 Nxd5 10. Nc3 Bb7 11. Nxd5 Bxd5 12. Rc1 Bb7 13. dxc5 Bxc5 14. b4 Be7 15. Qa4 a6 16. Rfd1 b5 17. Qa3 Rc8 18. Ne5 Rxc1 19. Bxc1 Nxe5 20. Rxd8 Rxd8 21. Qc3 Nc6 22. a3 Rc8 23. Bb2 Bf6 24. Qb3 Bxb2 25. Qxb2 Rd8 26. h3 Ne7 27. Qe5 Rc8 28. Qd6 Nd5 29. Qd7 Rb8 30. Bf3 Ba8 31. Qa7 Rd8 32. Qxa6 Rb8 33. Qd6 Rf8 34. Qc5 Rb8 35. Be2 g6 36. Bxb5 Nb6 37. Qc7 Rb7 38. Qd8+ Kg7 39. Bc6 Ra7 40. Bxa8 Rxa8 41. Qxb6 Rxa3 42. Qd4+ Kg8 43. b5 Rb3 44. b6 1-0

[Event "Arco op 46th"]
[Site "Arco"]
[Date "2024.10.06"]
[Round "2"]
[White "Schindele, Andreas"]
[Black "Zenker, Ulrich"]
[Result "0-1"]
[WhiteElo "1919"]
[BlackElo "2113"]
[PlyCount "55"]
[EventDate "2024.10.05"]
[EventType "swiss"]
[EventRounds "9"]
[EventCountry "ITA"]
[SourceTitle "CB44_2024"]
[Source "Chessbase"]
[SourceDate "2024.10.30"]
[SourceVersion "1"]
[SourceVersionDate "2024.10.30"]
[SourceQuality "1"]

1. d4 e6 2. Nf3 f5 3. c3 Nf6 4. Bg5 Be7 5. Bxf6 Bxf6 6. Nbd2 d5 7. e3 0-0 8. Bd3 c5 9. 0-0 Nc6 10. a3 Qd6 11. Rc1 c4 12. Be2 b5 13. a4 bxa4 14. Qxa4 Bd7 15. Qc2 Rfc8 16. Ra1 a5 17. Ra2 a4 18. Rfa1 Na5 19. Ra3 Rab8 20. Bd1 g5 21. Qc1 Nb3 22. Nxb3 cxb3 23. Qd2 Qc7 24. Rb1 g4 25. Ne1 Be7 26. Raa1 a3 27. bxa3 Qxc3 28. Qd3 0-1

[Event "Rhein Main op-B 22nd"]
[Site "Bad Homburg"]
[Date "2019.06.22"]
[Round "5"]
[White "Schindele, Andreas"]
[Black "Meyer Jany, Marcel"]
[Result "1-0"]
[WhiteElo "1941"]
[BlackElo "1820"]
[PlyCount "71"]
[EventDate "2019.06.19"]
[EventType "swiss"]
[EventRounds "7"]
[EventCountry "GER"]
[SourceTitle "EXT 2020"]
[Source "ChessBase"]
[SourceDate "2019.10.17"]
[SourceVersion "1"]
[SourceVersionDate "2019.10.17"]
[SourceQuality "1"]

1. d4 d5 2. Nf3 Nf6 3. e3 Bf5 4. Bd3 Bxd3 5. Qxd3 c6 6. 0-0 e6 7. c4 Nbd7 8. b3 Bd6 9. Bb2 0-0 10. Nbd2 Re8 11. Ne5 Bf8 12. f4 Nxe5 13. fxe5 Nd7 14. Rf3 f5 15. exf6 Nxf6 16. Raf1 Bb4 17. Bc3 Bxc3 18. Qxc3 Qe7 19. Rg3 e5 20. dxe5 Nh5 21. Rh3 Qg5 22. Nf3 Qg4 23. Rh4 Qg6 24. Kh1 Rf8 25. Qd4 Qf7 26. Qg4 dxc4 27. bxc4 Nf6 28. exf6 Qxf6 29. Qe4 h6 30. Rf4 Qb2 31. Qe6+ Kh8 32. Ne5 Rfe8 33. Nf7+ Kh7 34. Qf5+ g6 35. Qh3 Qg7 36. Nxh6 1-0

[Event "Rhein Main op-B 21st"]
[Site "Bad Homburg"]
[Date "2018.06.01"]
[Round "4"]
[White "Janzen, Andreas"]
[Black "Schindele, Andreas"]
[Result "0-1"]
[WhiteElo "1841"]
[BlackElo "1917"]
[PlyCount "96"]
[EventDate "2018.05.30"]
[EventType "swiss"]
[EventRounds "7"]
[EventCountry "GER"]
[SourceTitle "EXT 2019"]
[Source "ChessBase"]
[SourceDate "2018.10.10"]
[SourceVersion "1"]
[SourceVersionDate "2018.10.10"]
[SourceQuality "1"]

1. d4 Nf6 2. c4 c5 3. d5 b5 4. cxb5 a6 5. bxa6 g6 6. Nc3 Bg7 7. e4 d6 8. Nf3 0-0 9. h3 Bxa6 10. Bxa6 Nxa6 11. 0-0 Qb6 12. Re1 Nd7 13. Na4 Qb7 14. Rb1 Nc7 15. Bd2 Nb5 16. Qc2 Rfb8 17. Nc3 Nd4 18. Qd1 Qa6 19. Be3 Nb5 20. Bd2 Nxc3 21. Bxc3 Qxa2 22. Ra1 Qc4 23. Rxa8 Rxa8 24. Bxg7 Kxg7 25. b3 Qc3 26. Re3 Qf6 27. Qc2 Ra1+ 28. Kh2 Rf1 29. Re1 Rxe1 30. Nxe1 Qe5+ 31. g3 Nf6 32. f3 Nxd5 33. exd5 Qxe1 34. Kg2 Qe5 35. Qd2 e6 36. dxe6 fxe6 37. Kf2 Qd4+ 38. Qxd4+ cxd4 39. f4 e5 40. Kf3 Kf6 41. g4 d3 42. g5+ Ke6 43. Ke3 exf4+ 44. Kxd3 Kd5 45. h4 Kc5 46. Ke4 Kb4 47. Kxf4 Kxb3 48. Ke4 Kc4 0-1

[Event "St Veit op-B 36th"]
[Site "St Veit"]
[Date "2017.07.10"]
[Round "4.1"]
[White "Schindele, Andreas"]
[Black "Litfin, Boris"]
[Result "1-0"]
[WhiteElo "1961"]
[BlackElo "1949"]
[PlyCount "81"]
[EventDate "2017.07.08"]
[EventType "swiss"]
[EventRounds "9"]
[EventCountry "AUT"]
[SourceTitle "EXT 2024"]
[Source "ChessBase"]
[SourceDate "2023.10.10"]
[SourceVersion "1"]
[SourceVersionDate "2023.10.10"]
[SourceQuality "1"]

1. d4 Nf6 2. Nf3 g6 3. e3 Bg7 4. Bd3 0-0 5. 0-0 d6 6. Nbd2 c5 7. c3 Nc6 8. Re1 e5 9. dxe5 Nxe5 10. Nxe5 dxe5 11. Qc2 Qc7 12. e4 Rd8 13. a4 Be6 14. Nc4 Rd7 15. Bf1 h6 16. f3 Rad8 17. Be3 Ne8 18. Rad1 Nd6 19. Nxd6 Rxd6 20. Rxd6 Rxd6 21. Rd1 Rb6 22. Qf2 Bb3 23. Ra1 Bf8 24. a5 Rd6 25. Ra3 Be6 26. Qe2 a6 27. h3 Rd7 28. Ra1 c4 29. Kh2 Kh7 30. Qc2 f5 31. f4 Bg7 32. exf5 Bxf5 33. Qf2 Bd3 34. fxe5 Bxe5+ 35. Kg1 Rf7 36. Qh4 Qd6 37. Qxh6+ Kg8 38. Bxd3 Qxd3 39. Re1 Bd6 40. Bd4 Bf4 41. Re8+ 1-0

[Event "Rhein Main op-B 20th"]
[Site "Bad Homburg"]
[Date "2017.06.17"]
[Round "5"]
[White "Schindele, Andreas"]
[Black "Doll, Alexander"]
[Result "1-0"]
[WhiteElo "1958"]
[BlackElo "1865"]
[PlyCount "63"]
[EventDate "2017.06.14"]
[EventType "swiss"]
[EventRounds "7"]
[EventCountry "GER"]
[SourceTitle "EXT 2018"]
[Source "ChessBase"]
[SourceDate "2017.10.13"]
[SourceVersion "1"]
[SourceVersionDate "2017.10.13"]
[SourceQuality "1"]

1. d4 Nf6 2. Nf3 g6 3. e3 Bg7 4. Bd3 d6 5. 0-0 0-0 6. c3 Nc6 7. e4 e5 8. d5 Nb8 9. Bg5 Nbd7 10. b4 h6 11. Bh4 g5 12. Bg3 Nh5 13. Qc2 a5 14. Nbd2 Nf4 15. Bxf4 exf4 16. bxa5 Ne5 17. Nxe5 Bxe5 18. Nc4 g4 19. Nxe5 dxe5 20. c4 f3 21. Qc3 Qg5 22. Rfe1 h5 23. Bf1 Kh7 24. c5 h4 25. Re3 c6 26. Rd1 Qf4 27. Rd2 f5 28. exf5 Rxf5 29. Bd3 cxd5 30. Qxe5 Kg8 31. Bxf5 Qxf5 32. Qe8+ 1-0

[Event "Rhein Main op-B 20th"]
[Site "Bad Homburg"]
[Date "2017.06.14"]
[Round "1"]
[White "Schindele, Andreas"]
[Black "Seeger, Alexandra"]
[Result "1-0"]
[WhiteElo "1958"]
[BlackElo "1622"]
[PlyCount "95"]
[EventDate "2017.06.14"]
[EventType "swiss"]
[EventRounds "7"]
[EventCountry "GER"]
[SourceTitle "EXT 2018"]
[Source "ChessBase"]
[SourceDate "2017.10.13"]
[SourceVersion "1"]
[SourceVersionDate "2017.10.13"]
[SourceQuality "1"]

1. d4 d5 2. Bf4 Nf6 3. e3 Bf5 4. Bd3 Bg6 5. Nf3 e6 6. 0-0 Bd6 7. Bg3 0-0 8. c4 c6 9. Nc3 Bxg3 10. hxg3 Nbd7 11. Rc1 Qc7 12. Bxg6 hxg6 13. cxd5 exd5 14. Re1 Rfe8 15. b4 Qd6 16. b5 c5 17. dxc5 Qxc5 18. Re2 Rac8 19. Rec2 Nb6 20. a4 Rcd8 21. Nd4 Qd6 22. a5 Nc4 23. Nxd5 Nxa5 24. Nxf6+ Qxf6 25. Qe1 Qb6 26. Qb4 Rd5 27. Ra1 Nc6 28. Nxc6 bxc6 29. Rxc6 Qxb5 30. Qxb5 Rxb5 31. Rxa7 Rb1+ 32. Kh2 Rb2 33. f3 Rxe3 34. Rc8+ Kh7 35. Rxf7 Ree2 36. Rcc7 Rxg2+ 37. Kh3 Rh2+ 38. Kg4 g5 39. Rxg7+ Kh8 40. Rxg5 Rb4+ 41. f4 Rh6 42. Rh5 Rxh5 43. Kxh5 Rb6 44. f5 Kg8 45. g4 Rf6 46. Rc8+ Kg7 47. Kg5 Rf7 48. Rc6 1-0

[Event "Rhein Main op-B 18th"]
[Site "Bad Homburg"]
[Date "2015.06.05"]
[Round "4"]
[White "Schindele, Andreas"]
[Black "Desor, Helmut"]
[Result "1-0"]
[WhiteElo "1983"]
[BlackElo "1782"]
[PlyCount "99"]
[EventDate "2015.06.03"]
[EventType "swiss"]
[EventRounds "7"]
[EventCountry "GER"]
[SourceTitle "CBM 167 Extra"]
[Source "ChessBase"]
[SourceDate "2015.09.14"]
[SourceVersion "1"]
[SourceVersionDate "2015.09.14"]
[SourceQuality "1"]

1. d4 d5 2. Bf4 e6 3. e3 c5 4. c3 Bd6 5. Bg3 Nc6 6. Nd2 Nge7 7. Bd3 Ng6 8. Ngf3 f5 9. Qc2 c4 10. Be2 Be7 11. b3 cxb3 12. axb3 b6 13. Bb5 Bb7 14. Ne5 Ngxe5 15. Bxe5 0-0 16. Bg3 a6 17. Be2 Rc8 18. 0-0 Bd6 19. Qb2 b5 20. c4 bxc4 21. bxc4 Rb8 22. c5 Bxg3 23. hxg3 Qf6 24. Nf3 Qe7 25. Qb6 Ba8 26. Qxa6 Rb2 27. Bd3 Bb7 28. Qa3 Rb4 29. Rfb1 Ra8 30. Qc3 Rxa1 31. Rxa1 Qc7 32. Be2 Bc8 33. Qa3 Qb8 34. Qa8 Qc7 35. Ra6 Rb7 36. Ra1 Kf7 37. Qa2 Ke7 38. Qc2 Qb8 39. Qd1 Rb2 40. Bd3 Qb4 41. Qa4 Qb7 42. Qa8 Qc7 43. Rb1 Rxb1+ 44. Bxb1 h6 45. Bd3 Bd7 46. Qg8 Kf6 47. Qf8+ Kg6 48. g4 Qb8 49. gxf5+ exf5 50. Ne5+ 1-0

[Event "Rhein Main op-B 18th"]
[Site "Bad Homburg"]
[Date "2015.06.03"]
[Round "1"]
[White "Flach, Helene"]
[Black "Schindele, Andreas"]
[Result "0-1"]
[WhiteElo "1702"]
[BlackElo "1983"]
[PlyCount "44"]
[EventDate "2015.06.03"]
[EventType "swiss"]
[EventRounds "7"]
[EventCountry "GER"]
[SourceTitle "CBM 167 Extra"]
[Source "ChessBase"]
[SourceDate "2015.09.14"]
[SourceVersion "1"]
[SourceVersionDate "2015.09.14"]
[SourceQuality "1"]

1. e4 c6 2. d4 d5 3. Nc3 dxe4 4. Nxe4 Bf5 5. Ng3 Bg6 6. Nf3 Nd7 7. Bd3 Bxd3 8. Qxd3 e6 9. 0-0 Ngf6 10. c4 Be7 11. b3 0-0 12. Bb2 a6 13. a4 Rb8 14. a5 b5 15. axb6 Rxb6 16. Qc2 Qb8 17. Ba3 Bxa3 18. Rxa3 c5 19. Rb1 cxd4 20. Nxd4 Qd6 21. Qb2 Ne5 22. Ra5 Nxc4 0-1

[Event "Neumarkt am Wallersee op 13th"]
[Site "Neumarkt am Wallersee"]
[Date "2014.08.27"]
[Round "5"]
[White "Lipp, Alfred"]
[Black "Schindele, Andreas"]
[Result "1-0"]
[WhiteElo "2119"]
[BlackElo "1962"]
[PlyCount "79"]
[EventDate "2014.08.23"]
[EventType "swiss"]
[EventRounds "9"]
[EventCountry "AUT"]
[SourceTitle "EXT 2016"]
[Source "ChessBase"]
[SourceDate "2015.10.08"]
[SourceVersion "1"]
[SourceVersionDate "2015.10.08"]
[SourceQuality "1"]

1. d4 d5 2. c4 c6 3. e3 Nf6 4. Nc3 g6 5. cxd5 cxd5 6. Bd3 Bg7 7. Nf3 0-0 8. 0-0 Nc6 9. h3 Bf5 10. Bxf5 gxf5 11. Qb3 Rb8 12. Bd2 e6 13. Rfc1 Kh8 14. Na4 Ne4 15. Be1 Rg8 16. Nc5 Qe7 17. a4 f4 18. a5 Bf6 19. Qd3 Nxc5 20. Rxc5 e5 21. Qc3 e4 22. Nd2 Qe6 23. Kf1 Rg7 24. a6 Rbg8 25. axb7 Rxg2 26. Ke2 Qxh3 27. Kd1 fxe3 28. fxe3 Nxd4 29. exd4 e3 30. Nb3 Rg1 31. Rc8 Qf3+ 32. Kc1 Qe2 33. Rxg8+ Rxg8 34. Rxa7 Bh4 35. Ra8 Bxe1 36. Rxg8+ Kxg8 37. b8Q+ Kg7 38. Qe5+ f6 39. Qe7+ Kg6 40. Qc2+ 1-0

[Event "Rhein Main op-B 17th"]
[Site "Bad Homburg"]
[Date "2014.06.22"]
[Round "7"]
[White "Schindele, Andreas"]
[Black "Janzen, Andreas"]
[Result "1/2-1/2"]
[WhiteElo "1959"]
[BlackElo "1690"]
[PlyCount "51"]
[EventDate "2014.06.18"]
[EventType "swiss"]
[EventRounds "9"]
[EventCountry "GER"]
[SourceTitle "CBM 161 Extra"]
[Source "ChessBase"]
[SourceDate "2014.08.29"]
[SourceVersion "1"]
[SourceVersionDate "2014.08.29"]
[SourceQuality "1"]

1. d4 Nf6 2. Bf4 c5 3. e3 Qb6 4. b3 cxd4 5. exd4 Nc6 6. Nf3 d6 7. Be3 Nd5 8. c4 Nxe3 9. fxe3 e5 10. Qd2 exd4 11. exd4 Bg4 12. d5 Bxf3 13. gxf3 Qd4 14. Nc3 Ne5 15. Be2 Qh4+ 16. Kd1 0-0-0 17. Kc2 g6 18. Qe3 a6 19. Raf1 Bh6 20. f4 Nd7 21. Qg3 Qxg3 22. hxg3 Bg7 23. Ne4 Nf6 24. Ng5 Rd7 25. Rh2 h6 26. Nf3 1/2-1/2

[Event "Neumarkt am Wallersee op 12th"]
[Site "Neumarkt am Wallersee"]
[Date "2013.09.01"]
[Round "9"]
[White "Strater, Heinz"]
[Black "Schindele, Andreas"]
[Result "0-1"]
[WhiteElo "2007"]
[BlackElo "1927"]
[PlyCount "88"]
[EventDate "2013.08.24"]
[EventType "swiss"]
[EventRounds "9"]
[EventCountry "AUT"]
[SourceTitle "CBM 156 Extra"]
[Source "ChessBase"]
[SourceDate "2013.10.22"]
[SourceVersion "1"]
[SourceVersionDate "2013.10.22"]
[SourceQuality "1"]

1. e4 c6 2. c4 d5 3. exd5 cxd5 4. d4 Nc6 5. cxd5 Qxd5 6. Nf3 Bg4 7. Be2 e6 8. 0-0 Bb4 9. Nc3 Bxc3 10. bxc3 Nge7 11. Rb1 Qxa2 12. Rxb7 0-0 13. h3 Bf5 14. Bd3 Rfb8 15. Rxb8+ Rxb8 16. Re1 Qa5 17. Qc2 Qc7 18. Ba3 h6 19. Bc5 a5 20. Ne5 Nxe5 21. Rxe5 Bxd3 22. Qxd3 Ng6 23. Re1 Qc6 24. Qg3 Rb3 25. Ra1 a4 26. Bb4 Qa8 27. Qd6 Nh4 28. f3 Rb2 29. Qf4 Rxg2+ 30. Kh1 g5 31. Qe4 Qb8 32. Qe5 Qxe5 33. dxe5 Rc2 34. Rf1 a3 35. Bxa3 Rxc3 36. Bd6 Rxf3 37. Rxf3 Nxf3 38. Kg2 Nh4+ 39. Kf2 Kg7 40. Bc5 Kg6 41. Ke3 Kf5 42. Bd6 Ng6 43. Kd4 h5 44. Bc7 Nf4 0-1

[Event "Rhein Main op-B 16th"]
[Site "Bad Homburg"]
[Date "2013.06.02"]
[Round "7"]
[White "Schindele, Andreas"]
[Black "Lopez, Victor"]
[Result "1-0"]
[WhiteElo "1916"]
[BlackElo "1715"]
[PlyCount "27"]
[EventDate "2013.05.29"]
[EventType "swiss"]
[EventRounds "7"]
[EventCountry "GER"]
[SourceTitle "EXT 2014"]
[Source "ChessBase"]
[SourceDate "2013.11.20"]
[SourceVersion "1"]
[SourceVersionDate "2013.11.20"]
[SourceQuality "1"]

1. d4 d5 2. Bf4 Bf5 3. e3 e6 4. Bd3 Bg6 5. Nf3 Nc6 6. c3 Nf6 7. Bb5 Nd7 8. Qa4 f6 9. Bxc6 bxc6 10. Qxc6 e5 11. dxe5 fxe5 12. Nxe5 Bc2 13. Nxd7 Qxd7 14. Qxa8+ 1-0

[Event "Rhein Main op-B 16th"]
[Site "Bad Homburg"]
[Date "2013.06.01"]
[Round "5"]
[White "Schindele, Andreas"]
[Black "Urbach, Jens"]
[Result "1-0"]
[WhiteElo "1916"]
[BlackElo "1606"]
[PlyCount "85"]
[EventDate "2013.05.29"]
[EventType "swiss"]
[EventRounds "7"]
[EventCountry "GER"]
[SourceTitle "EXT 2014"]
[Source "ChessBase"]
[SourceDate "2013.11.20"]
[SourceVersion "1"]
[SourceVersionDate "2013.11.20"]
[SourceQuality "1"]

1. d4 Nf6 2. Bf4 d5 3. e3 e6 4. Bd3 Bd6 5. Bg3 Nc6 6. c3 e5 7. dxe5 Nxe5 8. Bxe5 Bxe5 9. Nf3 Qd6 10. Nbd2 Bg4 11. h3 Bxf3 12. Nxf3 0-0 13. 0-0 c5 14. Rc1 c4 15. Bb1 Rfd8 16. Qe2 b5 17. Rfd1 Qc7 18. Nxe5 Qxe5 19. Rd4 Ne4 20. Rcd1 f5 21. Bxe4 fxe4 22. Qd2 Rd6 23. Rxd5 Rxd5 24. Qxd5+ Qxd5 25. Rxd5 a6 26. Kf1 Kf7 27. Re5 Rd8 28. Ke2 Re8 29. Rxe8 Kxe8 30. f3 exf3+ 31. gxf3 Ke7 32. f4 Kf6 33. Kf3 g6 34. Ke4 Ke6 35. Kd4 Kf5 36. Kd5 h6 37. e4+ Kf6 38. Kd6 g5 39. fxg5+ hxg5 40. e5+ Kf7 41. Kd7 g4 42. hxg4 a5 43. e6+ 1-0

[Event "Rhein Main op-B 15th"]
[Site "Bad Homburg"]
[Date "2012.06.06"]
[Round "1"]
[White "Groetzinger, Waldemar"]
[Black "Schindele, Andreas"]
[Result "0-1"]
[WhiteElo "1533"]
[BlackElo "1929"]
[PlyCount "78"]
[EventDate "2012.06.06"]
[EventType "swiss"]
[EventRounds "7"]
[EventCountry "GER"]
[SourceTitle "EXT 2013"]
[Source "ChessBase"]
[SourceDate "2012.11.22"]
[SourceVersion "1"]
[SourceVersionDate "2012.11.22"]
[SourceQuality "1"]

1. f4 d5 2. Nf3 Nf6 3. g3 c6 4. Bg2 Bg4 5. h3 Bxf3 6. Bxf3 e6 7. 0-0 Nbd7 8. c3 Qc7 9. d4 Bd6 10. Nd2 0-0-0 11. e4 dxe4 12. Nxe4 Nxe4 13. Bxe4 f6 14. b4 e5 15. a4 exf4 16. Bxf4 Bxf4 17. Rxf4 Rde8 18. Qf3 g5 19. Rf5 Rxe4 20. Qxe4 Qxg3+ 21. Qg2 Qxc3 22. Rd1 Qxb4 23. d5 Qxa4 24. Qe2 c5 25. Rdf1 Qd4+ 26. Kg2 h5 27. Qe6 Rf8 28. d6 b6 29. R1f2 h4 30. Rxg5 Qxf2+ 31. Kxf2 fxg5+ 32. Ke2 a5 33. Qd5 Re8+ 34. Kd2 Ne5 35. Qa8+ Kd7 36. Qb7+ Kxd6 37. Qxb6+ Nc6 38. Qb2 Re5 39. Qc2 Re2+ 0-1

[Event "Deizisau op 6th"]
[Site "Deizisau"]
[Date "2011.10.29"]
[Round "1"]
[White "Schindele, Andreas"]
[Black "Sanikidze, Tornike"]
[Result "0-1"]
[WhiteElo "1929"]
[BlackElo "2530"]
[PlyCount "64"]
[EventDate "2011.10.29"]
[EventType "swiss"]
[EventRounds "7"]
[EventCountry "GER"]
[SourceTitle "EXT 2012"]
[Source "ChessBase"]
[SourceDate "2011.11.24"]
[SourceVersion "1"]
[SourceVersionDate "2011.11.24"]
[SourceQuality "1"]

1. d4 Nf6 2. Bf4 g6 3. e3 Bg7 4. Nf3 0-0 5. Nbd2 d6 6. Bd3 c5 7. dxc5 Nd5 8. Rb1 Nxf4 9. exf4 dxc5 10. 0-0 Qc7 11. Qe2 Nc6 12. Be4 Be6 13. Bxc6 Qxc6 14. Nc4 Qa6 15. b3 Qxa2 16. Nfe5 Qa6 17. Rfe1 Rfd8 18. Ra1 Bxc4 19. bxc4 Qe6 20. Qf3 Bxe5 21. Rxe5 Qxc4 22. Qxb7 Qxc2 23. Qxe7 c4 24. h3 Rd1+ 25. Rxd1 Qxd1+ 26. Kh2 Qd2 27. Qf6 c3 28. Rc5 c2 29. Qb2 Qxf4+ 30. Kg1 Re8 31. Qc3 Qd6 32. Rc6 Qxc6 0-1

[Event "Rhein Main op-B 14th"]
[Site "Bad Homburg"]
[Date "2011.06.25"]
[Round "6"]
[White "Schindele, Andreas"]
[Black "Koestler, Peter"]
[Result "1/2-1/2"]
[WhiteElo "1953"]
[BlackElo "1937"]
[PlyCount "45"]
[EventDate "2011.06.22"]
[EventType "swiss"]
[EventRounds "7"]
[EventCountry "GER"]
[SourceTitle "EXT 2012"]
[Source "ChessBase"]
[SourceDate "2011.11.24"]
[SourceVersion "1"]
[SourceVersionDate "2011.11.24"]
[SourceQuality "1"]

1. d4 Nf6 2. Bf4 g6 3. e3 Bg7 4. c3 0-0 5. Nf3 b6 6. Bd3 Bb7 7. Nbd2 d6 8. Qc2 Nfd7 9. 0-0-0 e5 10. dxe5 dxe5 11. Bg5 Qe8 12. e4 Nc5 13. Bf1 Qc6 14. Be7 Re8 15. Bxc5 Qxc5 16. Nb3 Qe7 17. h4 Nd7 18. h5 Nf6 19. hxg6 hxg6 20. Bd3 a5 21. Qe2 Nh5 22. g3 Red8 23. Nbd2 1/2-1/2